000
00243nam a2200085Ia 4500
942
_c
BK
245
0
_a
GETTING STARTED IN COMPUTING FOR THE OLDER GENERATION-WINDOWS 7 EDITION
100
_a
JIM GATENBY
008
210804s9999 xx 000 0 und d
999
_c
41349
_d
41348